Вып. 1: Человек; Русская лексика в заданиях и кроссвордах

Bibliografiske detaljer
Parent link:Русская лексика в заданиях и кроссвордах: учебное пособие для изучающих русский язык как второй/ И. А. Старовойтова. Вып. 1: Человек.— 2-е изд..— , 2012-
Summary:Пособие представляет собой сборник кроссвордов и упражнений на изучение и отработку в игровой форме лексики уровня В1 (средний этап) и выше. Выпуск 1 включает в себя лексический материал по теме «Человек». Следующие выпуски посвящены темам: «В доме» (вып. 2), «Город» (вып. 3), «Увлечения. Природа. Календарь» (вып. 4).Для всех изучающих русский язык как иностранный.
Sprog:russisk
Udgivet: 2012
Fag:
Format: MixedMaterials Bog
KOHA link:https://koha.lib.tpu.ru/cgi-bin/koha/opac-detail.pl?biblionumber=229266

MARC

LEADER 00000nam2a2200000 4500
001 229266
005 20231101230929.0
010 |a 9785865473425 
035 |a (RuTPU)RU\TPU\book\249862 
035 |a RU\TPU\book\249857 
090 |a 229266 
100 |a 20130110d2012 m y0rusy50 ca 
101 0 |a rus 
102 |a RU 
105 |a a j 000zy 
200 0 |a Вып. 1: Человек 
210 |d 2012 
215 |a 80 с.  |c ил. 
330 |a Пособие представляет собой сборник кроссвордов и упражнений на изучение и отработку в игровой форме лексики уровня В1 (средний этап) и выше. Выпуск 1 включает в себя лексический материал по теме «Человек». Следующие выпуски посвящены темам: «В доме» (вып. 2), «Город» (вып. 3), «Увлечения. Природа. Календарь» (вып. 4).Для всех изучающих русский язык как иностранный. 
461 1 |0 (RuTPU)RU\TPU\book\251002  |t Русская лексика в заданиях и кроссвордах  |o учебное пособие для изучающих русский язык как второй  |o [в 4 вып.]  |f И. А. Старовойтова  |v Вып. 1: Человек  |e 2-е изд.  |d 2012-  
606 1 |a Русский язык  |x Для других народов  |x Учебные руководства и пособия  |2 stltpush  |3 (RuTPU)RU\TPU\subj\26400  |9 50340 
610 1 |a лексика 
610 1 |a разговорная лексика 
610 1 |a задания 
610 1 |a кроссворды 
610 1 |a семья 
610 1 |a праздники 
610 1 |a профессии 
610 1 |a тело 
610 1 |a техника 
610 1 |a пословицы 
610 1 |a поговорки 
686 |a Ш141.2-96  |v LBC/SL-A  |2 rubbk 
801 1 |a RU  |b 63413507  |c 20130110 
801 2 |a RU  |b 63413507  |c 20230207  |g RCR 
942 |c BK